[Event "Camp. spagnolo a squadre - Gruppo II"]
[Site "Sabadell SPA"]
[Date "2008.09.06"]
[Round "4"]
[White "Magem Badals, J."]
[Black "Almasi, Z."]
[Result "1/2-1/2"]
[WhiteElo "2500"]
[BlackElo "2668"]
[PlyCount "78"]
[EventDate "2008.09.03"]
[Source "www.chesslib.no"]
[SourceDate "2004.05.04"]

1. e4 c5 2. Nf3 e6 3. d4 cxd4 4. Nxd4 Nc6 5. Nb5 d6 6. c4 a6 7. N5c3 Nf6 8. Be2 Be7 9. O-O O-O 10. Be3 b6 11. Na3 Bb7 12. f3 Qc7 13. Rc1 Ne5 14. Qb3 Ned7 15. Rfd1 Rac8 16. Kh1 Rfe8 17. Bf1 Qb8 18. Bg1 h6 19. Nab1 Bc6 20. a3 a5 21. Nd2 Nc5 22. Qa2 a4 23. b4 axb3 24. Nxb3 Nxb3 25. Qxb3 Nd7 26. Rb1 Qa8 27. Nb5 Nc5 28. Qa2 Red8 29. Nd4 Ba4 30. Rd2 Rb8 31. Rdb2 Qa6 32. Nb5 Rb7 33. Bd4 Ra8 34. Ra1 Bxb5 35. Rxb5 Bf8 36. Qb2 Na4 37. Qf2 Nc5 38. Qb2 Na4 39. Qf2 Nc5 1/2-1/2

[Event "GER-ch"]
[Site "Altenkirchen"]
[Date "2001.12.08"]
[Round "9"]
[White "Naiditsch, Arkadij"]
[Black "Lutz, Christopher"]
[Result "0-1"]
[WhiteElo "2524"]
[BlackElo "2643"]
[PlyCount "110"]
[EventDate "2001.11.30"]
[Source "ChessBase"]
[SourceDate "2002.03.21"]

1. e4 c5 2. Nf3 e6 3. d4 cxd4 4. Nxd4 Nc6 5. Nb5 d6 6. c4 Nf6 7. N1c3 a6 8. Na3 Be7 9. Be2 O-O 10. O-O b6 11. Be3 Ne5 12. f3 Bb7 13. Qd4 Ned7 14. Rfd1 Qc7 15. Rac1 Rac8 16. Kh1 Rfe8 17. Qd2 Qb8 18. Bg1 h6 19. Nc2 Ne5 20. b3 Ned7 21. Bf1 Ba8 22. a3 Nc5 23. Na1 Ncd7 24. b4 Ne5 25. Qd4 Nfd7 26. f4 Ng6 27. Qd2 Nf6 28. Bd3 e5 29. f5 Nf4 30. Nd5 b5 31. Bb1 bxc4 32. Nxf6+ Bxf6 33. Qxd6 Nd3 34. Qxb8 Rxb8 35. Bxd3 cxd3 36. Rc4 Rbc8 37. Bc5 Bc6 38. Nb3 Bb5 39. Rc3 Bg5 40. a4 Bc6 41. h4 Bxh4 42. Na5 Bxa4 43. Rdxd3 Be1 44. Ra3 Bc2 45. Rh3 Red8 46. Ra1 Rd1 47. Rxd1 Bxd1 48. Re3 Bh4 49. Nc4 Bf2 50. Rc3 Be1 51. Nd6 Bxc3 52. Nxc8 Bc2 53. Nd6 Bd3 54. g3 Bb2 55. Be3 Ba3 0-1

[Event "Pamplona"]
[Site "Pamplona"]
[Date "1990.??.??"]
[Round "?"]
[White "Kortschnoj, Viktor"]
[Black "Illescas Cordoba, Miguel"]
[Result "0-1"]
[WhiteElo "2630"]
[BlackElo "2535"]
[PlyCount "208"]
[EventDate "1990.12.??"]
[Source "ChessBase"]

1. e4 c5 2. Nf3 e6 3. d4 cxd4 4. Nxd4 Nc6 5. Nb5 d6 6. c4 Nf6 7. N1c3 a6 8. Na3 Be7 9. Be2 O-O 10. O-O b6 11. Be3 Bb7 12. Qb3 Nd7 13. Rad1 Re8 14. Rd2 Qc7 15. Rc1 Rac8 16. Qd1 Qb8 17. f3 Ba8 18. Qf1 Bf8 19. Kh1 Nce5 20. Rdd1 Nf6 21. Nab1 Ned7 22. Nd2 Bb7 23. Bg1 h6 24. Nb3 Rc7 25. Rd4 Ne5 26. Rcd1 Rcc8 27. Na1 Ng6 28. g3 Ne5 29. Nc2 Ned7 30. Ne3 Nc5 31. Bf2 Kh8 32. Kg1 Be7 33. h4 Ncd7 34. Qh3 Kg8 35. g4 Ne5 36. Ng2 d5 37. exd5 Bc5 38. g5 Bxd4 39. Rxd4 Nh7 40. f4 Ng6 41. h5 Nxf4 42. Rxf4 Nxg5 43. Qd3 exd5 44. Bg4 dxc4 45. Rxc4 Rxc4 46. Qxc4 Bf3 47. a4 b5 48. axb5 axb5 49. Qb4 Qa8 50. Ne1 Qa1 51. Kf1 Bxg4 52. Qxg4 Qxb2 53. Qd7 Ra8 54. Qd5 Rb8 55. Bg3 Rc8 56. Nxb5 Ne4 57. Bh4 Re8 58. Nf3 Qb1+ 59. Kg2 Qc2+ 60. Kf1 Qc8 61. Nbd4 Qh3+ 62. Kg1 Qg4+ 63. Kf1 Qh3+ 64. Kg1 Qg4+ 65. Kf1 Nd2+ 66. Nxd2 Qd1+ 67. Kg2 Qxd2+ 68. Bf2 Rb8 69. Qe5 Qg5+ 70. Qxg5 hxg5 71. Be3 f6 72. Kf3 Kh7 73. Nf5 Rb5 74. Kg4 Rb4+ 75. Kf3 Ra4 76. Bd2 Ra2 77. Be3 Rh2 78. Kg4 Rg2+ 79. Kf3 Rh2 80. Kg4 Re2 81. Kf3 Rc2 82. Kg4 Rc6 83. Bd4 Ra6 84. Ng3 Re6 85. Kf3 Re1 86. Kg4 Rd1 87. Nf5 Rd3 88. Be3 Ra3 89. Bd4 Rb3 90. Ng3 Rb5 91. Nf5 Ra5 92. Ng3 Kg8 93. Nf5 Ra4 94. Kf3 Kf7 95. Kg4 Rb4 96. Kf3 Rb1 97. Kg4 Rd1 98. Nd6+ Ke6 99. Nf5 Rf1 100. Nxg7+ Kf7 101. Bxf6 Kxf6 102. Ne8+ Kf7 103. Nc7 Rg1+ 104. Kf5 Kg7 0-1

[Event "IBM"]
[Site "Amsterdam IBM"]
[Date "1978.??.??"]
[Round "8"]
[White "Hort, Vlastimil"]
[Black "Andersson, Ulf"]
[Result "1/2-1/2"]
[WhiteElo "2620"]
[BlackElo "2545"]
[PlyCount "34"]
[EventDate "1978.??.??"]
[Source "www.chesslib.no"]
[SourceDate "2004.05.04"]

1. e4 c5 2. Nf3 e6 3. d4 cxd4 4. Nxd4 Nc6 5. Nb5 d6 6. Bf4 e5 7. Be3 Nf6 8. N1c3 a6 9. Na3 b5 10. Nd5 Rb8 11. Nxf6+ Qxf6 12. Bd3 Be7 13. O-O O-O 14. Nb1 Bd8 15. Ba7 Ne7 16. Qd2 h6 17. a4 b4 1/2-1/2

[Event "CRO-chT"]
[Site "Pula"]
[Date "2000.09.15"]
[Round "5"]
[White "Morovic Fernandez, Ivan"]
[Black "Delchev, Aleksander"]
[Result "1/2-1/2"]
[WhiteElo "2608"]
[BlackElo "2557"]
[PlyCount "61"]
[EventDate "2000.09.??"]
[Source "www.chesslib.no"]
[SourceDate "2004.05.04"]

1. e4 c5 2. Nf3 e6 3. d4 cxd4 4. Nxd4 Nc6 5. Nb5 d6 6. c4 Nf6 7. N1c3 a6 8. Na3 b6 9. Be2 Bb7 10. O-O Nb8 11. Qd4 Nbd7 12. Be3 Be7 13. Rac1 O-O 14. Rfd1 Re8 15. Nc2 Qc7 16. Kh1 Rac8 17. f3 Qb8 18. Bg1 Rc7 19. Na1 Rec8 20. Nb3 Nc5 21. Nd2 Ne8 22. Qe3 h6 23. Bf1 Bg5 24. Qe1 Bc6 25. Be3 Bxe3 26. Qxe3 Na4 27. Nxa4 Bxa4 28. Re1 Bd7 29. Rcd1 b5 30. b3 Qa7 31. Qxa7 1/2-1/2

[Event "Yopal"]
[Site "?"]
[Date "1997.??.??"]
[Round "?"]
[White "Rodriguez, Am"]
[Black "Milos, Gilberto"]
[Result "1/2-1/2"]
[WhiteElo "2555"]
[BlackElo "2605"]
[PlyCount "81"]
[EventDate "1997.??.??"]
[Source "ChessBase"]
[SourceDate "1997.06.01"]

1. e4 c5 2. Nf3 e6 3. d4 cxd4 4. Nxd4 Nc6 5. Nb5 d6 6. Bf4 e5 7. Be3 a6 8. N5c3 Nf6 9. Bg5 Be7 10. Nd2 Be6 11. Nc4 Nd4 12. Ne3 Qa5 13. Qd2 Rc8 14. Bd3 O-O 15. Bxf6 Bxf6 16. Ncd5 Qxd2+ 17. Kxd2 Bxd5 18. Nxd5 Bg5+ 19. Kd1 Bd8 20. c3 Nc6 21. Bc2 Ne7 22. Bb3 Nxd5 23. Bxd5 Rc7 24. Ke2 g6 25. Rad1 Kg7 26. Rd3 Be7 27. Rhd1 Rb8 28. g3 Bg5 29. Bb3 Be7 30. f4 exf4 31. gxf4 Re8 32. Kf3 Bf8 33. Rd4 b5 34. Bd5 Rb8 35. R1d2 Be7 36. a4 Rc5 37. Rb4 Bd8 38. Ba2 Ba5 39. Rb3 Bc7 40. axb5 axb5 41. Rd5 1/2-1/2

[Event "35th T-ch GR"]
[Site "Ermioni"]
[Date "2006.07.08"]
[Round "5.1"]
[White "Svetushkin, Dmitry"]
[Black "Sokolov, Andrei"]
[Result "1/2-1/2"]
[WhiteElo "2569"]
[BlackElo "2589"]
[PlyCount "50"]
[EventDate "2006.07.??"]
[Source "www.chesslib.no"]
[SourceDate "2004.05.04"]

1. e4 c5 2. Nf3 e6 3. d4 cxd4 4. Nxd4 Nc6 5. Nb5 d6 6. c4 Nf6 7. N1c3 a6 8. Na3 Be7 9. Be2 O-O 10. O-O b6 11. Be3 Ne5 12. f3 Bb7 13. Qe1 Rc8 14. Qf2 Ned7 15. Rfd1 Qc7 16. Rac1 Qb8 17. Na4 Nc5 18. Nxb6 Rc6 19. b4 Rxb6 20. bxc5 Rc6 21. Rb1 Qc7 22. Qg3 Nh5 23. Qh3 Rxc5 24. Nc2 Bg5 25. Bf1 Bxe3+ 1/2-1/2

[Event "Espana"]
[Site "?"]
[Date "1994.??.??"]
[Round "?"]
[White "Yudasin, L."]
[Black "Spraggett, K."]
[Result "1-0"]
[WhiteElo "2625"]
[BlackElo "2530"]
[PlyCount "81"]
[EventDate "1994.??.??"]
[Source "ChessBase"]
[SourceDate "1994.10.01"]

1. e4 c5 2. Nf3 e6 3. d4 cxd4 4. Nxd4 Nc6 5. Nb5 d6 6. c4 a6 7. N5c3 Nf6 8. Be2 Be7 9. O-O O-O 10. Na3 b6 11. Bf4 Bb7 12. Re1 Rc8 13. Rc1 Re8 14. Bf1 Ne5 15. Rc2 Qc7 16. Rd2 Rcd8 17. h3 h6 18. Bg3 Nh7 19. Qc2 Nf6 20. Be2 Qc6 21. f4 Ng6 22. Bf3 Nh5 23. e5 Qxf3 24. gxf3 Nxg3 25. exd6 Bxd6 26. Red1 Bc5+ 27. Kh2 Rxd2+ 28. Qxd2 Nf5 29. Qd7 Re7 30. Qd8+ Kh7 31. Ne4 Be3 32. Rd7 Ngh4 33. Nf6+ gxf6 34. Rxe7 Bxf4+ 35. Kg1 Be3+ 36. Kf1 Bxf3 37. Rxf7+ Kg6 38. Rxf6+ Kh5 39. Qe8+ Kg5 40. Rxf5+ Nxf5 41. Nc2 1-0

[Event "Russia (ch)"]
[Site "?"]
[Date "2000.??.??"]
[Round "?"]
[White "Aseev, K."]
[Black "Zvjaginsev, V."]
[Result "1/2-1/2"]
[WhiteElo "2515"]
[BlackElo "2640"]
[PlyCount "37"]
[EventDate "2000.??.??"]
[Source "Chess Informant"]
[SourceDate "2000.10.01"]

1. e4 c5 2. Nf3 e6 3. d4 cxd4 4. Nxd4 Nc6 5. Nb5 d6 6. c4 Nf6 7. N5c3 Be7 8. Be2 O-O 9. O-O b6 10. Bf4 Bb7 11. Re1 Ne5 12. Bf1 Rc8 13. Na3 Qc7 14. Rc1 Qb8 15. h3 Qa8 16. Qe2 Ba6 17. Ncb5 Bb7 18. Nc3 Ba6 19. Ncb5 1/2-1/2

[Event "Monarch Assurance XII"]
[Site "?"]
[Date "2003.10.02"]
[Round "6.2"]
[White "Sulskis Sarunas"]
[Black "Korneev Oleg"]
[Result "1-0"]
[WhiteElo "2593"]
[BlackElo "2561"]
[PlyCount "135"]
[EventDate "2003.??.??"]
[Source "www.chesslib.no"]
[SourceDate "2004.05.04"]

1. e4 c5 2. Nf3 e6 3. d4 cxd4 4. Nxd4 Nc6 5. Nb5 d6 6. Bf4 e5 7. Be3 a6 8. N5c3 Nf6 9. Bc4 Be7 10. Nd5 Nxd5 11. Bxd5 O-O 12. Qd2 Be6 13. Nc3 Rc8 14. O-O b5 15. a4 b4 16. Na2 a5 17. Nc1 Bxd5 18. Qxd5 Nd4 19. Bxd4 exd4 20. Nd3 Rxc2 21. Rac1 Qc7 22. g3 h6 23. h4 Rb8 24. e5 b3 25. e6 Bf6 26. Rce1 Rd2 27. Rd1 Re2 28. exf7+ Qxf7 29. Qxa5 Qc4 30. Qf5 Qxa4 31. Qd5+ Kh7 32. Qxd6 Rd8 33. Qf4 Qb5 34. Qf3 Rde8 35. Rfe1 Rxe1+ 36. Rxe1 Rxe1+ 37. Nxe1 Qc5 38. Qxb3 Qc1 39. Kf1 Kh8 40. Ke2 Qc6 41. Nd3 Kh7 42. Kd2 Bd8 43. Qc2 Qd6 44. h5 g5 45. b4 Kg7 46. Qc5 Qxc5 47. Nxc5 Kf6 48. b5 Kf5 49. f3 Bb6 50. Nd3 Bc7 51. g4+ Ke6 52. Kc2 Kd5 53. Kb3 Bd8 54. Kc2 Bc7 55. Kd2 Ba5+ 56. Ke2 Bd8 57. Nb4+ Kc4 58. Nc6 d3+ 59. Kd1 Bc7 60. Ne7 Kxb5 61. Nf5 Kc4 62. Nxh6 Kd4 63. Nf7 Ke3 64. h6 Ba5 65. h7 Bc3 66. Nxg5 Ba1 67. Ne6 Kxf3 68. g5 1-0

[Event "Czech Open GMA"]
[Site "Pardubice CEC"]
[Date "2007.07.25"]
[Round "6"]
[White "Schlosser, P."]
[Black "Potkin, V."]
[Result "1/2-1/2"]
[WhiteElo "2562"]
[BlackElo "2591"]
[PlyCount "89"]
[EventDate "2007.07.20"]
[Source "www.chesslib.no"]
[SourceDate "2004.05.04"]

1. e4 c5 2. Nf3 e6 3. d4 cxd4 4. Nxd4 Nc6 5. Nb5 d6 6. c4 Nf6 7. N1c3 a6 8. Na3 Be7 9. Be2 O-O 10. O-O b6 11. Be3 Ne5 12. Rc1 Bb7 13. f3 Rc8 14. Qd2 Qc7 15. Rfd1 Rfe8 16. Kh1 Ned7 17. Nc2 Qb8 18. Nd4 Bd8 19. Bg1 Bc7 20. Qe1 h6 21. Rc2 Qa8 22. Rdc1 Bd8 23. b4 Nh5 24. Bf1 Bg5 25. Be3 Bxe3 26. Qxe3 Nhf6 27. Qf2 Rc7 28. Na4 Rec8 29. a3 Qa7 30. Kg1 Ba8 31. Nb3 Bc6 32. Nb2 a5 33. Qd4 Ne8 34. Ra1 Ra8 35. Rcc1 Qb8 36. b5 Bb7 37. Na4 Qa7 38. Ra2 Rb8 39. Rd2 Ba8 40. Qe3 Qb7 41. Rcd1 Qc8 42. Rxd6 Nxd6 43. Rxd6 Rxc4 44. Bxc4 Qxc4 45. Rxd7 1/2-1/2

[Event "60th ch-RUS Higher League"]
[Site "Krasnoyarsk RUS"]
[Date "2007.09.13"]
[Round "10"]
[White "Kokarev, Dm"]
[Black "Grachev, B."]
[Result "1/2-1/2"]
[WhiteElo "2551"]
[BlackElo "2601"]
[PlyCount "83"]
[EventDate "2007.09.03"]
[Source "www.chesslib.no"]
[SourceDate "2004.05.04"]

1. e4 c5 2. Nf3 e6 3. d4 cxd4 4. Nxd4 Nc6 5. Nb5 d6 6. Bf4 e5 7. Be3 a6 8. N5c3 Nf6 9. Bg5 Be7 10. Bxf6 Bxf6 11. Nd5 Bg5 12. Nd2 O-O 13. Nc4 Be6 14. Ncb6 Rb8 15. Bc4 Kh8 16. O-O Bh6 17. c3 f5 18. Bd3 g6 19. Kh1 Rf7 20. exf5 gxf5 21. Qh5 Qg5 22. Qxg5 Bxg5 23. f4 Bd8 24. Bc2 Ne7 25. Rad1 Nxd5 26. Nxd5 Rc8 27. Bb3 Rf8 28. g3 Bd7 29. Rfe1 Re8 30. Kg1 a5 31. a3 Bc6 32. Bc2 Bxd5 33. Rxd5 Bb6+ 34. Kf1 exf4 35. Rxe8+ Rxe8 36. gxf4 Rg8 37. Rxd6 Be3 38. Rd5 Rg1+ 39. Ke2 Bxf4 40. Bxf5 Bxh2 41. Rb5 Rg5 42. Bd3 1/2-1/2

[Event "Pamplona"]
[Site "Pamplona"]
[Date "1990.??.??"]
[Round "?"]
[White "Yudasin, Leonid"]
[Black "Illescas Cordoba, Miguel"]
[Result "1-0"]
[WhiteElo "2615"]
[BlackElo "2535"]
[PlyCount "137"]
[EventDate "1990.12.??"]
[Source "ChessBase"]

1. e4 c5 2. Nf3 e6 3. d4 cxd4 4. Nxd4 Nc6 5. Nb5 d6 6. c4 Nf6 7. N1c3 a6 8. Na3 Be7 9. Be2 O-O 10. O-O b6 11. Be3 Bb7 12. Qb3 Nd7 13. Rfd1 Re8 14. Rac1 Rc8 15. Rd2 Qc7 16. Qd1 Qb8 17. Bf1 Ba8 18. Kh1 Bf8 19. f3 h6 20. Qe1 Nce5 21. Qg3 Kh8 22. Rcd1 Nf6 23. Bd4 Ned7 24. Qh3 Kg8 25. Nc2 Be7 26. Qg3 Ne5 27. b3 Ng6 28. Qf2 Nd7 29. a3 Qc7 30. Nb4 Nc5 31. Rb1 Bh4 32. Qg1 Bg5 33. Rdd1 Qb8 34. Nba2 Nd7 35. Qf2 Be7 36. Qb2 Bf8 37. Bf2 Nge5 38. Nb4 Bb7 39. Rbc1 Be7 40. Nc2 g5 41. Nd4 Kh7 42. Be3 Rg8 43. Qd2 Ba8 44. Bg1 Qc7 45. Rc2 Qd8 46. Qe1 Qf8 47. Na4 Qg7 48. b4 Qf6 49. Qe3 h5 50. Rdc1 Bf8 51. Ne2 Rb8 52. Rd1 Qg6 53. Rcc1 Bc6 54. Nb2 Rc8 55. Nc3 Ba8 56. Nca4 Rb8 57. Nd3 Bg7 58. Nab2 Nxd3 59. Bxd3 Kh8 60. Rc2 Be5 61. Be2 Kh7 62. Nd3 Bf6 63. c5 bxc5 64. bxc5 dxc5 65. Nxc5 Nxc5 66. Rxc5 g4 67. fxg4 Bxe4 68. Rc4 Bf5 69. Qh3 1-0

[Event "Synthesia Rapid Open"]
[Site "Pardubice CEC"]
[Date "2007.07.18"]
[Round "4"]
[White "Kryakvin, D."]
[Black "Laznicka, V."]
[Result "1-0"]
[WhiteElo "2554"]
[BlackElo "2594"]
[PlyCount "200"]
[EventDate "2007.07.18"]
[Source "www.chesslib.no"]
[SourceDate "2004.05.04"]

1. e4 c5 2. Nf3 e6 3. d4 cxd4 4. Nxd4 Nc6 5. Nb5 d6 6. Bf4 e5 7. Be3 Nf6 8. N1c3 a6 9. Na3 Be6 10. Nc4 Be7 11. Nd5 Bxd5 12. exd5 Nd4 13. Bxd4 exd4 14. Qxd4 b5 15. Ne3 Qa5+ 16. c3 O-O 17. Bd3 Bd8 18. O-O Qb6 19. Qf4 Re8 20. Rad1 Re5 21. Bc2 Ra7 22. Qf3 Rae7 23. Rd4 Re8 24. h3 Qc5 25. Nf5 g6 26. Ne3 h5 27. Rfd1 Nh7 28. h4 Bb6 29. Re4 Rxe4 30. Bxe4 Qc7 31. g3 Qe7 32. Bd3 Bxe3 33. Qxe3 Qxe3 34. fxe3 Rxe3 35. Kf2 Re5 36. Be2 Nf6 37. Bf3 Kf8 38. Rd4 Nd7 39. a4 bxa4 40. Rxa4 Nc5 41. Rd4 a5 42. b4 axb4 43. cxb4 Nd7 44. Rc4 Nb6 45. Rc6 Nxd5 46. b5 Ne7 47. Rb6 Ke8 48. Rb7 Kd8 49. Be2 Kc8 50. Ra7 Kb8 51. Rd7 Kc8 52. Rxd6 Nf5 53. Rc6+ Kd7 54. Bf1 Nd4 55. Rb6 Kc7 56. Rf6 Nxb5 57. Rxf7+ Kd8 58. Rg7 Nd4 59. Rxg6 Rf5+ 60. Kg2 Ke7 61. Bd3 Ra5 62. Kf2 Kf7 63. Rb6 Re5 64. Ra6 Kg7 65. Ra4 Ne6 66. Rb4 Nc5 67. Bc2 Ne6 68. Kf3 Rc5 69. Be4 Rc3+ 70. Kf2 Rc5 71. Bf3 Re5 72. Rb6 Nd4 73. Bd1 Nb5 74. Ra6 Nc3 75. Bf3 Ne4+ 76. Kg2 Nf6 77. Ra4 Rc5 78. Rf4 Rb5 79. Kf2 Ra5 80. Ke2 Rb5 81. Rd4 Re5+ 82. Kf2 Rc5 83. Ke3 Re5+ 84. Kf4 Ra5 85. Rc4 Kg6 86. Rc6 Rf5+ 87. Ke3 Re5+ 88. Kd4 Ra5 89. Be4+ Kf7 90. Bd3 Rd5+ 91. Ke3 Kg7 92. Bc2 Ra5 93. Rc7+ Kf8 94. Bg6 Kg8 95. Rb7 Ra4 96. Kf3 Ra5 97. Kf4 Nd5+ 98. Kg5 Kf8 99. Kh6 Ne7 100. Rb8+ Nc8 1-0

[Event "60th ch-RUS Higher League"]
[Site "Krasnoyarsk RUS"]
[Date "2007.09.09"]
[Round "6"]
[White "Kokarev, Dm"]
[Black "Potkin, V."]
[Result "1/2-1/2"]
[WhiteElo "2551"]
[BlackElo "2591"]
[PlyCount "50"]
[EventDate "2007.09.03"]
[Source "www.chesslib.no"]
[SourceDate "2004.05.04"]

1. e4 c5 2. Nf3 e6 3. d4 cxd4 4. Nxd4 Nc6 5. Nb5 d6 6. Bf4 e5 7. Be3 a6 8. N5c3 Nf6 9. Nd2 d5 10. Nxd5 Nxd5 11. exd5 Qxd5 12. Nc4 Qxd1+ 13. Rxd1 Be6 14. c3 Rc8 15. Nb6 Rd8 16. Bc4 Bxc4 17. Nxc4 Rxd1+ 18. Kxd1 Be7 19. Ke2 Kd7 20. f4 exf4 21. Bxf4 g5 22. Ne5+ Ke6 23. Nxc6 bxc6 24. Be3 f5 25. Re1 Ke5 1/2-1/2

[Event "Podolsk"]
[Site "Podolsk"]
[Date "1993.??.??"]
[Round "?"]
[White "Oll, Lembit"]
[Black "Morozevich, Alexander"]
[Result "1-0"]
[WhiteElo "2595"]
[BlackElo "2545"]
[PlyCount "129"]
[EventDate "1993.10.??"]
[Source "ChessBase"]

1. e4 c5 2. Nf3 e6 3. d4 cxd4 4. Nxd4 Nc6 5. Nb5 d6 6. c4 Nf6 7. N5c3 a6 8. Na3 Be7 9. Be2 O-O 10. O-O b6 11. Be3 Bb7 12. Qb3 Nd7 13. Rad1 Qc7 14. Rd2 Nc5 15. Qd1 Rad8 16. f3 Rfe8 17. Kh1 Ne5 18. b4 Ncd7 19. Qb3 Nf6 20. Na4 Ned7 21. Rc2 Ba8 22. Bd4 Rc8 23. Qe3 Bd8 24. Nb2 Qb8 25. Nd3 e5 26. Ba1 b5 27. Qd2 bxc4 28. Nxc4 Nb6 29. Na5 d5 30. Rxc8 Nxc8 31. Nc5 dxe4 32. fxe4 Nd6 33. Bxa6 Ndxe4 34. Nxe4 Nxe4 35. Qd7 Re7 36. Qb5 Qd6 37. Nc4 Qh6 38. Bxe5 Nf2+ 39. Kg1 Nh3+ 40. Kh1 Nf2+ 41. Kg1 Nh3+ 42. Kh1 Qg5 43. Bg3 Re2 44. Ne3 Rxe3 45. Qd7 h5 46. Bc4 Nf2+ 47. Rxf2 Re1+ 48. Rf1 Rxf1+ 49. Bxf1 h4 50. Bf2 Bd5 51. a4 Be6 52. Qe8+ Kh7 53. Qb5 Qf6 54. Qd3+ g6 55. Qd4 Qf5 56. Bd3 Qg5 57. Be3 Qe7 58. h3 Bc8 59. Bd2 f5 60. Bc3 Kh6 61. Bd2+ g5 62. Qxh4+ Kg6 63. Qh8 Bb7 64. Qg8+ Kh5 65. Be2+ 1-0

[Event "Dubai op"]
[Site "Dubai"]
[Date "2002.04.24"]
[Round "8"]
[White "Acs, Peter"]
[Black "Nisipeanu, Liviu Dieter"]
[Result "1/2-1/2"]
[WhiteElo "2529"]
[BlackElo "2610"]
[PlyCount "68"]
[EventDate "2002.04.15"]
[Source "ChessBase"]
[SourceDate "2002.05.03"]

1. e4 c5 2. Nf3 e6 3. d4 cxd4 4. Nxd4 Nc6 5. Nb5 d6 6. c4 Nf6 7. N1c3 a6 8. Na3 b6 9. Be2 Bb7 10. Be3 Ne5 11. f4 Ned7 12. Bf3 Be7 13. O-O O-O 14. Qe2 Re8 15. Rfd1 Qc7 16. Rac1 Rac8 17. Kh1 Qb8 18. Nab1 Bc6 19. Nd2 Nf8 20. a3 Ng6 21. g3 Nd7 22. b4 Ba8 23. Nb3 Rc7 24. Nd2 Rec8 25. Na2 Nf6 26. Qf2 Nd7 27. Qe2 Ngf8 28. Qd3 Nf6 29. Kg2 N8d7 30. Nc3 h6 31. Ne2 Bb7 32. h4 h5 33. Bg1 Qa8 34. Rc3 g6 1/2-1/2

[Event "Corr"]
[Site "?"]
[Date "1999.06.30"]
[Round "?"]
[White "Volchok Alexander"]
[Black "Samarin Igor Valerievich (R"]
[Result "1/2-1/2"]
[WhiteElo "2602"]
[BlackElo "2535"]
[PlyCount "139"]
[EventDate "1999.??.??"]
[Source "www.chesslib.no"]
[SourceDate "2004.05.04"]

1. e4 c5 2. Nf3 e6 3. d4 cxd4 4. Nxd4 Nc6 5. Nb5 d6 6. c4 Nf6 7. N1c3 a6 8. Na3 Be7 9. Be2 O-O 10. O-O b6 11. Be3 Ne5 12. f4 Ned7 13. Bf3 Bb7 14. Qe2 Rc8 15. Rac1 Re8 16. Nab1 h6 17. Nd2 Qc7 18. Qd3 Nh7 19. g3 Nhf8 20. Qb1 Qb8 21. b4 Ba8 22. a3 Rc7 23. Qd3 Rec8 24. Ne2 Rd8 25. Rb1 Bb7 26. Bg2 Rcc8 27. Bf2 Qc7 28. Rfc1 Bf6 29. Qe3 Re8 30. Qb3 Be7 31. Bf3 Ba8 32. Be3 Rb8 33. Qd1 Rec8 34. Qf1 Nh7 35. Qf2 Qd8 36. Nc3 Qf8 37. Bg4 Bd8 38. Bh3 Bc7 39. Re1 Qe7 40. Bd4 Re8 41. Nf3 Nhf8 42. Bg2 Ng6 43. Qb2 Qf8 44. Bf2 Rbc8 45. Rbd1 Rcd8 46. Qc2 Qe7 47. h4 Rc8 48. Qa4 Nb8 49. Rd3 Nf8 50. Bh3 Nfd7 51. Nd2 Bb7 52. Qd1 Nf8 53. Qa1 Nbd7 54. Bd4 Nf6 55. Re2 Ba8 56. Qb2 Rb8 57. Nf3 Bb7 58. Bf2 Ba8 59. Re1 Bb7 60. Nd4 N6d7 61. Bg2 Rbc8 62. Nb3 Ba8 63. Bf3 Rb8 64. Rc1 Rec8 65. Nd1 Nf6 66. Qe2 N6d7 67. Ne3 Nf6 68. Nf1 N6d7 69. Nfd2 Bb7 70. Kg2 1/2-1/2

[Event "Biel Interzonal"]
[Site "Biel"]
[Date "1993.??.??"]
[Round "8"]
[White "Oll, Lembit"]
[Black "Ye Jiangchuan"]
[Result "1/2-1/2"]
[WhiteElo "2595"]
[BlackElo "2535"]
[PlyCount "102"]
[EventDate "1993.07.??"]
[Source "ChessBase"]

1. e4 c5 2. Nf3 e6 3. d4 cxd4 4. Nxd4 Nc6 5. Nb5 d6 6. c4 Nf6 7. N1c3 a6 8. Na3 b6 9. g3 Be7 10. Bg2 Bd7 11. O-O O-O 12. b3 Rb8 13. Bb2 Qc7 14. Kh1 Ne5 15. f4 Ng6 16. Qe2 Rfd8 17. Rac1 Ne8 18. Nc2 b5 19. cxb5 axb5 20. Nb4 Qa7 21. a3 Bf6 22. Rfd1 Rbc8 23. Rd3 Rc7 24. Qd2 Rdc8 25. Ra1 h6 26. h3 Nf8 27. Kh2 Ng6 28. Rf1 Kh7 29. Rd1 Nf8 30. Re1 Ng6 31. Rf1 Kg8 32. Rd1 Nf8 33. h4 Kh7 34. Re1 Rc5 35. Rf1 Kg8 36. e5 dxe5 37. Ne4 exf4 38. Nxc5 Rxc5 39. Bxf6 Nxf6 40. Rxf4 Qxa3 41. Nc2 Qa7 42. Ne3 h5 43. b4 Rc7 44. Qb2 Ne8 45. Ra3 Qb6 46. Qf2 Bc8 47. Rd3 f5 48. Rfd4 Nf6 49. Rd6 Qa7 50. Qb2 Rd7 51. Rxd7 Bxd7 1/2-1/2

[Event "MK Cafe Cup-A"]
[Site "Koszalin"]
[Date "1999.08.12"]
[Round "9"]
[White "Sulskis, Sarunas"]
[Black "Tregubov, Pavel V"]
[Result "1/2-1/2"]
[WhiteElo "2521"]
[BlackElo "2609"]
[PlyCount "106"]
[EventDate "1999.08.03"]
[Source "ChessBase"]
[SourceDate "1999.12.01"]

1. e4 c5 2. Nf3 e6 3. d4 cxd4 4. Nxd4 Nc6 5. Nb5 d6 6. Bf4 e5 7. Be3 a6 8. N5c3 Nf6 9. Bc4 Be7 10. Nd5 Nxd5 11. Bxd5 O-O 12. Nc3 Bg5 13. Bxg5 Qxg5 14. O-O Bh3 15. Qf3 Be6 16. Rac1 Rac8 17. Kh1 h6 18. a3 Na5 19. Qd3 Qe7 20. Rfd1 Qc7 21. Rd2 Rfd8 22. Rcd1 Kh8 23. h3 b5 24. Qg3 Qc5 25. f4 exf4 26. Qxf4 b4 27. Na2 b3 28. cxb3 Nxb3 29. Bxe6 fxe6 30. Rxd6 Rxd6 31. Qxd6 Qc2 32. Nb4 Qxe4 33. Qxa6 Rc4 34. Qd6 Rd4 35. Qf8+ Kh7 36. Qf1 Nd2 37. Qf2 Nf3 38. Rf1 Nh4 39. Re1 Qg6 40. g4 Qf6 41. Qxf6 gxf6 42. Rxe6 Rd2 43. Rxf6 Rxb2 44. Nd3 Rb3 45. Nf4 Rxa3 46. Kh2 Rb3 47. Rd6 Ra3 48. Rd7+ Kg8 49. Rb7 Rc3 50. Nh5 Nf3+ 51. Kg3 Ng5+ 52. Kf4 Rf3+ 53. Ke5 Nxh3 1/2-1/2

[Event "New York (open)"]
[Site "?"]
[Date "1994.??.??"]
[Round "?"]
[White "Wahls, M."]
[Black "Ehlvest, J."]
[Result "0-1"]
[WhiteElo "2520"]
[BlackElo "2610"]
[PlyCount "100"]
[EventDate "1994.??.??"]
[Source "ChessBase"]
[SourceDate "1994.06.01"]

1. e4 c5 2. Nf3 e6 3. d4 cxd4 4. Nxd4 Nc6 5. Nb5 d6 6. Bf4 e5 7. Be3 Be6 8. Nd2 a6 9. Nc3 Nf6 10. Nc4 b5 11. Nb6 Rb8 12. Nbd5 Be7 13. Nxf6+ Bxf6 14. Qd2 O-O 15. Bd3 h6 16. O-O Bg5 17. Rfd1 Bxe3 18. Qxe3 Qg5 19. Qxg5 hxg5 20. Rd2 Rfd8 21. Bf1 Kf8 22. Rad1 Ke7 23. Nd5+ Bxd5 24. Rxd5 g6 25. c3 Rb6 26. b4 Nb8 27. a4 bxa4 28. Ra1 Rc8 29. Ra3 Rbc6 30. Rd3 a5 31. b5 Rc5 32. Re3 Nd7 33. Rxa4 Ra8 34. Rg3 Nf6 35. Rxg5 Rxc3 36. Rg3 Rxg3 37. hxg3 Nd7 38. f3 f5 39. exf5 gxf5 40. Ra3 d5 41. Kf2 Nc5 42. b6 Kd6 43. Bb5 a4 44. b7 Rb8 45. Bxa4 Rxb7 46. Ra2 d4 47. Be8 e4 48. Bg6 Rb1 49. Ke2 Ke5 50. fxe4 fxe4 0-1

[Event "Manila Interzonal"]
[Site "Manila"]
[Date "1990.??.??"]
[Round "3"]
[White "Chandler, Murray G"]
[Black "Sokolov, Andrei"]
[Result "1/2-1/2"]
[WhiteElo "2560"]
[BlackElo "2570"]
[PlyCount "44"]
[EventDate "1990.06.??"]
[Source "ChessBase"]

1. e4 c5 2. Nf3 e6 3. d4 cxd4 4. Nxd4 Nc6 5. Nb5 d6 6. c4 Nf6 7. N1c3 a6 8. Na3 Be7 9. Be2 O-O 10. O-O b6 11. Be3 Bb7 12. Qb3 Nd7 13. Rfd1 Qc7 14. Rd2 Nce5 15. Qd1 Rfd8 16. Rc1 Rac8 17. f3 h6 18. Bf1 Ng6 19. Nc2 Nde5 20. Na4 Nd7 21. Nc3 Nde5 22. Na4 Nd7 1/2-1/2

[Event "IV Open Vila de Sort"]
[Site "Sort SPA"]
[Date "2008.06.27"]
[Round "5"]
[White "Leon Hoyos, Manuel"]
[Black "Delchev, Aleksander"]
[Result "0-1"]
[WhiteElo "2490"]
[BlackElo "2639"]
[PlyCount "102"]
[EventDate "2008.06.24"]
[Source "www.chesslib.no"]
[SourceDate "2004.05.04"]

1. e4 c5 2. Nf3 e6 3. d4 cxd4 4. Nxd4 Nc6 5. Nb5 d6 6. Bf4 e5 7. Be3 a6 8. N5c3 Nf6 9. Bg5 Be7 10. Nd2 Bg4 11. Be2 Bxe2 12. Nxe2 d5 13. Bxf6 Bxf6 14. Nc3 dxe4 15. Ndxe4 Be7 16. O-O f5 17. Ng3 O-O 18. Qe2 Qa5 19. Rad1 Nd4 20. Qd3 Rad8 21. Nge2 Kh8 22. Nxd4 Rxd4 23. Qf3 e4 24. Qe3 Rdd8 25. a3 Bf6 26. Qa7 Bxc3 27. bxc3 Rxd1 28. Rxd1 Qxc3 29. Qxb7 Qxc2 30. Qd7 h6 31. g3 f4 32. Qd2 Qxd2 33. Rxd2 f3 34. Rd4 Rc8 35. Rd1 Rc3 36. Ra1 Kh7 37. h4 Kg6 38. g4 Rc2 39. Re1 Re2 40. Rb1 Kf6 41. Rb6+ Ke5 42. Rxa6 Kf4 43. Ra7 g5 44. Ra6 Kxg4 45. hxg5 hxg5 46. Re6 e3 47. Rxe3 Rxe3 48. fxe3 Kg3 49. a4 f2+ 50. Kf1 Kf3 51. a5 g4 0-1